Pacifismo.
Guardado en:
| Formato: | |
|---|---|
| Series: | Encrucijadas 2000
|
| Materias: | |
| Etiquetas: |
Agregar Etiqueta
Sin Etiquetas, Sea el primero en etiquetar este registro!
|
| LEADER | 01036ngm a22002775g 4500 | ||
|---|---|---|---|
| 001 | CEM.cems022560 | ||
| 008 | 130507b2001##################0###0#####d | ||
| 005 | 20241107180507.0 | ||
| 245 | 0 | 0 | |a Pacifismo. |
| 300 | |a 23'. | ||
| 490 | 0 | |a Encrucijadas 2000 | |
| 500 | |a En soporte VHS, consultar en ventanilla. | ||
| 505 | 0 | |a Concepto de pacifismo. No violencia. Movimientos de resistencia pacífica. Misiones de paz de la ONU al servicio del orden hegemónico internacional. Desmilitarización y desmantelamiento de la investigación nuclear en Argentina. | |
| 538 | |a Soporte: VHS - Norma: Pal N - Color: Si - Grabación DRD 2001 - Hitachi=3140 | ||
| 082 | 3 | 0 | |/ ENC-1 |
| 653 | |a PACIFISMO | ||
| 653 | |a NO VIOLENCIA | ||
| 653 | |a DESMILITARIZACION | ||
| 653 | |a DESARME | ||
| 653 | |a ORGANIZACION DE LAS NACIONES UNIDAS | ||
| 653 | |a ARMAS NUCLEARES | ||
| 653 | |a VIOLENCIA | ||
| 653 | |a ONU | ||
| 653 | |a NIVEL PRIMARIO | ||
| 653 | |a NIVEL SECUNDARIO | ||
| 859 | |a CEMS |b BIB. CEMS - Depto. Recursos Didacticos |h 301 |i ENC-1 |k DRD |p 1203.12 |t Ej.1 | ||
